000 00295nam a2200121Ia 4500
008 190216s9999||||xx |||||||||||||| ||und||
100 _aGopal K Puri
245 0 _aComputers For All
260 _bIims Pub
_c1995
300 _a160p
650 _a"Computer Programming. Programs, Data"
942 _cBK
999 _c8497
_d8497